000 00456nam a2200169Ia 4500
001 54608
008 120330n ii |||gr||||Z||||||465
082 _a320.011
100 _aAbbas,
_eHovyeda.,
245 0 _aPolitical Theory
_cHovyeda Abbas,Ranjay Kumar
_hTextual Documents
250 _aIst ed-2012.
260 _aIndia:
_bDorling Kinderslley Pvt Ltd.
300 _a296p:
_c23cm.
653 _aPolitical Science
653 _aG-Pol.Sc
942 _2ddc
_cBK
999 _c54562
_d54562